Network security with OpenSSL (Record no. 6724)

000 -LEADER
fixed length control field 00733 a2200217 4500
020 ## - INTERNATIONAL STANDARD BOOK NUMBER
International Standard Book Number 059600270X
040 ## - CATALOGING SOURCE
Original cataloging agency DLC
Language of cataloging DLC
082 00 - DEWEY DECIMAL CLASSIFICATION NUMBER
Classification number 005.8
100 1# - MAIN ENTRY--PERSONAL NAME
Personal name Viega, John.
245 10 - TITLE STATEMENT
Title Network security with OpenSSL
Statement of responsibility, etc. John Viega, Matt Messier and Pravir Chandra.
246 3# - VARYING FORM OF TITLE
Title proper/short title Network security with Open secure socket layer
250 ## - EDITION STATEMENT
Edition statement 1st ed.
260 ## - PUBLICATION, DISTRIBUTION, ETC.
Place of publication, distribution, etc. Sebastopol, CA :
Name of publisher, distributor, etc. O'Reilly,
Date of publication, distribution, etc. c2002.
300 ## - PHYSICAL DESCRIPTION
Extent xiv, 367 p. :
Other physical details ill. ;
Dimensions 24 cm.
650 #0 - SUBJECT ADDED ENTRY--TOPICAL TERM
Topical term or geographic name entry element Computer networks
General subdivision Security measures.
650 #0 - SUBJECT ADDED ENTRY--TOPICAL TERM
Topical term or geographic name entry element Computer network protocols.
700 1# - ADDED ENTRY--PERSONAL NAME
Personal name Messier, Matt.
700 1# - ADDED ENTRY--PERSONAL NAME
Personal name Chandra, Pravir.
856 42 - ELECTRONIC LOCATION AND ACCESS
Materials specified Publisher description
Uniform Resource Identifier <a href="http://www.loc.gov/catdir/enhancements/fy0715/2002025832-d.html">http://www.loc.gov/catdir/enhancements/fy0715/2002025832-d.html</a>
942 ## - ADDED ENTRY ELEMENTS (KOHA)
Koha item type Book
Call number prefix 005.8 VIE
Source of classification or shelving scheme
Holdings
Withdrawn status Lost status Damaged status Not for loan Collection code Permanent Location Current Location Shelving location Date acquired Source of acquisition Cost, normal purchase price Total Checkouts Full call number Barcode Date last seen Date last checked out Price effective from Koha item type
          Central Library (CL) Central Library (CL) First Floor - Artificial Intelligence/Data Mining 04/04/2006 Academic Book Company 2564.66 3 005.8 VIE SEECS007209 01/31/2024 10/27/2023 01/05/2017 Book
© 2023 Central Library, National University of Sciences and Technology. All Rights Reserved.